000 00534nam a2200217Ia 4500
003 OSt
005 20230516114600.0
008 210423s2009 xx 000 0 und d
020 _a9780702029349
040 _cAL
041 _aeng
082 _a615.1
_223
_bEVAW
100 _aEVANS (William C).
_9105112
245 _aTrease and evans pharmacognosy.
250 _a16
260 _aEdinburgh
_bSaunders
_c2009
300 _avi,603
_bPB
365 _b1134
_cINR
906 _aevans ; pharmacognosy. ; Trease
942 _2ddc
_cBK
999 _c164461
_d164461